000 00521nam a2200193Ia 4500
005 20250326140959.0
008 250326s9999 xx 000 0 und d
020 _a0-19-564806-4
037 _aTextbook
040 _aFMSL
_beng
_cFMSL
041 _aeng
_2eng
084 _aX:71 N9
_qFMSL
100 _aSen A
245 0 _aMicroeconomics: Theory and applications
_cSen A
260 _aNew York
_bNew York, Oxford University
_c1999
300 _a250p
942 _cTB
_hX:71 N9
999 _c1288141
_d1288141